Sign of the star (Record no. 3800)

MARC details
000 -LEADER
fixed length control field 00591nam a2200217 4500
001 - CONTROL NUMBER
control field 1231555
003 - CONTROL NUMBER IDENTIFIER
control field GBCCL
005 - DATE AND TIME OF LATEST TRANSACTION
control field 20241126110504.0
008 - FIXED-LENGTH DATA ELEMENTS--GENERAL INFORMATION
fixed length control field 681107s1968 tnu 000 0 eng
010 ## -
-- 68020664
040 ## - CATALOGING SOURCE
Original cataloging agency DLC
Transcribing agency DLC
Modifying agency DLC
050 00 -
-- BV45
-- .A57
082 00 - DEWEY DECIMAL CLASSIFICATION NUMBER
Classification number 242.33
Item number ALL
100 1# - MAIN ENTRY--PERSONAL NAME
Personal name Allen, R. Earl.
9 (RLIN) 3392
245 10 - TITLE STATEMENT
Title Sign of the star
Statement of responsibility, etc. [by] R. Earl Allen.
260 ## - PUBLICATION, DISTRIBUTION, ETC.
Place of publication, distribution, etc. Nashville,
Name of publisher, distributor, etc. Broadman Press
Date of publication, distribution, etc. [1968]
300 ## - PHYSICAL DESCRIPTION
Extent 126 p.
Dimensions 20 cm.
650 #0 - SUBJECT ADDED ENTRY--TOPICAL TERM
Topical term or geographic name entry element Christmas
General subdivision Meditations.
9 (RLIN) 5410
906 ## - LOCAL DATA ELEMENT F, LDF (RLIN)
a 7
b cbc
c orignew
d u
e ncip
f 19
g y-gencatlg
942 ## - ADDED ENTRY ELEMENTS (KOHA)
Source of classification or shelving scheme Dewey Decimal Classification
Koha item type Books
Koha issues (borrowed), all copies 1
Holdings
Withdrawn status Lost status Source of classification or shelving scheme Damaged status Not for loan Home library Current Library Shelving location Date acquired Total checkouts Full call number Barcode Date last seen Date last checked out Copy number Price effective from Koha item type
    Dewey Decimal Classification     GRACE BIBLE COLLEGE GRACE BIBLE COLLEGE Ministry & Mission 2017-12-13 1 242.33 ALL 008446 2025-05-01 2023-11-28 c.1 2017-12-13 Books
© Grace Bible College Library 2025